Born in Iberia, Who Am I ? - Statistics

General Stats
  • This quiz has been taken 46 times
  • The average score is 12 of 15
Answer Stats
Date of Birth Place of Birth Person Occupation % Correct
Dec 1892 Galicia, Spain Francisco {Franco} Dictator
98%
Oct 1881 Malaga, Spain Pablo {Picasso} Artist
98%
May 1904 Figueres, Spain Salvador {Dali} Artist
98%
Apr 1974 Madrid, Spain Penelope {Cruz} Actress / Model
96%
Jun 1986 Mallorca, Spain Rafael {Nadal} Tennis Player
93%
c 1460 Sines, Portugal Vasco da {Gama} Explorer
93%
Aug 1960 Malaga, Spain Antonio {Banderas} Actor
91%
Feb 1985 Funchal, Portugal Cristiano {Ronaldo} Soccer Player
89%
Sep 1943 Madrid, Spain Julio {Iglesias} Singer
87%
c 1480 Sabrosa, Portugal Ferdinand {Magellan} Explorer
78%
Dec 1946 Barcelona, Spain Jose {Carreras} Tenor / Opera
67%
Jan 1963 Setubal, Portugal Jose {Mourinho} Soccer Manager
63%
Jul 1981 Oviedo, Spain Fernando {Alonso} F1 Racing Driver
57%
Feb 1909 Marco de Canaveses, Portugal Carmen {Miranda} Singer / Actress
48%
April 1949 Lisbon, Portugal Antonio {Guterres} UN Politician
24%
No matching quizzes found
Score Distribution
Percent of People with Each Score
Percentile by Number Answered
Your Score History
You have not taken this quiz